[Event "ch-NZL"]
[Site "Auckland NZL"]
[Date "2010.01.09"]
[Round "8"]
[White "Shen,D"]
[Black "Thornton,G"]
[Result "1-0"]
[WhiteElo "2142"]
[BlackElo "2167"]

1.e4 e6 2.d4 d5 3.Nc3 Nf6 4.e5 Nfd7 5.Nf3 c5 6.dxc5 Bxc5 7.Bd3 Nc6 8.Bf4 a6
9.Qe2 Nb4 10.a3 Nxd3+ 11.cxd3 O-O 12.O-O b5 13.b4 Be7 14.Nd4 Bb7 15.Rac1 Rc8
16.Bd2 Qb6 17.Be3 Nxe5 18.Nf5 Qd8 19.Bb6 Qd7 20.Nxe7+ Qxe7 21.Qxe5 f6 22.Qe2 Rfe8
23.Rfe1 Qf7 24.a4 Qg6 25.f3 e5 26.axb5 f5 27.Bf2 d4 28.bxa6 Ba8 29.Nb5 Rxc1
30.Rxc1 e4 31.Nc7 Rc8 32.dxe4 fxe4 33.fxe4 Qd6 34.Bg3 Qb6 35.Qc4+ Kh8 36.Qc5 Qh6
37.Re1 d3 38.Qf5 Qb6+ 39.Qc5 Qf6 40.Rf1 Qd8 41.Bh4 Qg8 42.e5 d2 43.e6 h6
44.e7 Bxg2 45.Kxg2 Rxc7 46.Qxc7 Qd5+ 47.Kg1 Qd4+ 48.Bf2 Qg4+ 49.Qg3  1-0

[Event "ch-AUS"]
[Site "Sydney AUS"]
[Date "2010.01.10"]
[Round "8"]
[White "Schon,E"]
[Black "Lazarus,Be"]
[Result "1-0"]
[WhiteElo "2167"]
[BlackElo "2162"]

1.e4 e6 2.d4 d5 3.Nc3 Nf6 4.e5 Nfd7 5.f4 c5 6.Nf3 Nc6 7.Be3 Be7 8.Qd2 O-O
9.Be2 a6 10.O-O b5 11.a3 Qb6 12.Nd1 Bb7 13.c3 cxd4 14.cxd4 Na5 15.Qe1 Nb3
16.Rb1 a5 17.Bd3 Ba6 18.f5 exf5 19.Bxf5 Ra7 20.Qg3 Rfa8 21.Nc3 Qc6 22.Rf2 b4
23.Ne2 Bxe2 24.Rxe2 bxa3 25.bxa3 a4 26.e6 fxe6 27.Bh6 Bf8 28.Rxe6 Qc3 29.Bxg7 Bxg7
30.Re7  1-0

[Event "ch-AUS"]
[Site "Sydney AUS"]
[Date "2010.01.11"]
[Round "9"]
[White "Wallis,C"]
[Black "Morris,J"]
[Result "0-1"]
[WhiteElo "2246"]
[BlackElo "2305"]

1.e4 e6 2.d4 d5 3.Nc3 Nf6 4.e5 Nfd7 5.f4 c5 6.Nf3 Nc6 7.Be3 a6 8.Qd2 b5 9.a3 Qb6
10.Ne2 b4 11.axb4 cxb4 12.g4 h5 13.gxh5 a5 14.f5 b3 15.fxe6 fxe6 16.Qd3 bxc2
17.Qg6+ Kd8 18.Qxc2 Bb4+ 19.Kf2 Ba6 20.Nf4 Kc7 21.Nxe6+ Kb7 22.Bxa6+ Qxa6
23.Rac1 Rac8 24.Qg6 Ne7 25.Qg4 Qd3 26.Nxg7 Nb6 27.Qe6 Rcf8 28.Qg4 Rf7 29.Rhd1 Qe4
30.h3 Rhf8 31.Qxe4 dxe4 32.Ne6 Rxf3+ 33.Ke2 Nf5 34.Bf4 Nd5 35.Rc7+ Nxc7 36.Nxf8 Rxf4
37.Rg1 Bxf8 38.Rg4 Nxd4+ 39.Ke3 Nde6 40.Rxf4 Bh6 41.Kxe4 Nxf4 42.Kf5 Nce6
43.Kf6 Kc6  0-1

[Event "Open"]
[Site "Prague CZE"]
[Date "2010.01.13"]
[Round "7"]
[White "Kovar,V"]
[Black "Simonsen,H"]
[Result "1-0"]
[WhiteElo "2365"]
[BlackElo "2240"]

1.e4 e6 2.d4 d5 3.Nc3 Nf6 4.e5 Nfd7 5.f4 c5 6.Nf3 Nc6 7.Be3 cxd4 8.Nxd4 Bc5
9.Qd2 Nxd4 10.Bxd4 Bxd4 11.Qxd4 Qb6 12.O-O-O Qxd4 13.Rxd4 Ke7 14.Rd3 Nc5
15.Rg3 g6 16.Bd3 Bd7 17.Ne2 a6 18.Nd4 Bb5 19.Bxb5 axb5 20.Kb1 b4 21.c3 Ne4
22.cxb4 Nxg3 23.hxg3 Rac8 24.a3 h5 25.Nb5 Rc6 26.Nd6 b6 27.g4 f6 28.Rh3 g5
29.Rxh5 Rxh5 30.gxh5 gxf4 31.h6 Kf8 32.exf6 Rc7 33.f7 Rxf7 34.Nxf7 Kxf7 35.a4 e5
36.a5  1-0

[Event "Porzellancup"]
[Site "Dresden GER"]
[Date "2010.01.16"]
[Round "2"]
[White "Paehtz,T sr"]
[Black "Neef,M"]
[Result "1/2-1/2"]
[WhiteElo "2440"]
[BlackElo "2023"]

1.e4 e6 2.d4 d5 3.Nc3 Nf6 4.e5 Nfd7 5.f4 c5 6.Nf3 Qb6 7.a3 a6 8.Be3 Nc6 9.dxc5 Bxc5
10.Na4 Qa5+ 11.b4 Qxa4 12.bxc5 Qe4 13.Kf2 d4 14.Nxd4 Nxc5 15.Be2 Nxd4 16.Qxd4 b6
17.Bf3 Qxc2+ 18.Kg1 Ra7 19.Rc1 Qb3 20.Rc3 Qb1+ 21.Kf2 Qb2+ 22.Kg3 O-O 23.Rxc5 Qxd4
24.Bxd4 bxc5 25.Bxc5 Rc7 26.Bxf8 Kxf8 27.Ra1 Ke7 28.Ra2 Bb7 29.Bxb7 Rxb7
30.Rc2 Rb3+ 31.Kf2 Rxa3 32.Rc7+ Ke8 33.Rc8+ Ke7 34.Rc7+ Ke8 35.Rc8+  1/2-1/2

[Event "8th Parsvnath Open"]
[Site "New Delhi IND"]
[Date "2010.01.16"]
[Round "5"]
[White "Prince,Ba"]
[Black "Sangma,R"]
[Result "1/2-1/2"]
[WhiteElo "2155"]
[BlackElo "2387"]

1.e4 e6 2.d4 d5 3.Nc3 Nf6 4.e5 Nfd7 5.f4 c5 6.Nf3 Nc6 7.Be3 a6 8.Qd2 b5 9.Be2 Qb6
10.Nd1 b4 11.O-O a5 12.c3 Ba6 13.Nf2 Be7 14.Rad1 g6 15.dxc5 Bxc5 16.Bxc5 Nxc5
17.Nd4 b3 18.Bxa6 Rxa6 19.Nxb3 Nxb3 20.axb3 Qxb3 21.Ng4 Rb6 22.f5 Ne7 23.fxe6 fxe6
24.Nf6+  1/2-1/2

[Event "Porzellancup"]
[Site "Dresden GER"]
[Date "2010.01.17"]
[Round "8"]
[White "Paehtz,T sr"]
[Black "Wichmann,C"]
[Result "1-0"]
[WhiteElo "2440"]
[BlackElo "2367"]

1.e4 e6 2.d4 d5 3.Nc3 Nf6 4.e5 Nfd7 5.f4 c5 6.Nf3 a6 7.Be3 Qb6 8.a3 Nc6 9.b3 cxd4
10.Nxd4 Qc7 11.Nce2 Be7 12.g3 O-O 13.Bg2 Nc5 14.O-O Bd7 15.Qd2 Rad8 16.Rfd1 Ne4
17.Qd3 Nxd4 18.Nxd4 Bc6 19.Nxc6 Qxc6 20.c4 b5 21.cxd5 exd5 22.Rac1 Qg6 23.b4 Rfe8
24.Rc7 Bf8 25.Qc2 h5 26.Bxe4 dxe4 27.Rxd8 Rxd8 28.Rc8 Rd3 29.Rxf8+ Kxf8 30.Qc8+  1-0

[Event "Open C"]
[Site "Marianske Lazne CZE"]
[Date "2010.01.17"]
[Round "2"]
[White "Szymczak,P"]
[Black "Shikhta,V"]
[Result "1-0"]
[WhiteElo "1659"]
[BlackElo "1876"]

1.e4 e6 2.d4 d5 3.Nc3 Nf6 4.e5 Nfd7 5.f4 c5 6.Nf3 Nc6 7.Be3 cxd4 8.Nxd4 Nxd4
9.Bxd4 g5 10.f5 Nc5 11.f6 Bd7 12.Qd2 h6 13.Qe3 Rc8 14.Be2 Na4 15.Nxa4 Bxa4
16.c3 b6 17.b3 Bc6 18.a4 Qc7 19.b4 Rb8 20.O-O Rg8 21.a5 g4 22.axb6 axb6 23.Ra6 b5
24.Rfa1 Rg5 25.Ra7 Rb7 26.Ra8+ Rb8 27.R1a7 Qc8 28.Rxb8 Qxb8 29.Qf4 Rf5 30.Qg3 h5
31.Bd3 Rg5 32.h4 Rg8 33.Qe3 Rh8 34.Bb6 Bd7 35.Bc7 Qc8 36.Qb6 Bh6 37.Rb7 Be3+
38.Qxe3 Qxb7 39.Bd6 Kd8 40.Qg5 Bc6 41.Qg7 Re8 42.Bc5 Kc8 43.Bg6 Qa8 44.Bxf7 Qa1+
45.Kh2 Qxc3 46.Bd6 Qe3 47.Bxe6+  1-0

[Event "IMB1"]
[Site "Marianske Lazne CZE"]
[Date "2010.01.17"]
[Round "2"]
[White "Vlasak,Lu"]
[Black "Zier,O"]
[Result "0-1"]
[WhiteElo "2214"]
[BlackElo "2101"]

1.e4 e6 2.d4 d5 3.Nc3 Nf6 4.e5 Nfd7 5.f4 c5 6.Nf3 Nc6 7.Be3 Be7 8.Qd2 O-O
9.O-O-O c4 10.f5 b5 11.Nxb5 Rb8 12.Nd6 Bxd6 13.exd6 Nb4 14.Kb1 Nf6 15.c3 Ne4
16.Qc1 Nxa2 17.Kxa2 Qa5+ 18.Kb1 Nxc3+ 19.Kc2 Bd7 20.Qd2 Qa4+  0-1

[Event "IMB1"]
[Site "Marianske Lazne CZE"]
[Date "2010.01.19"]
[Round "4"]
[White "Bielczyk,J"]
[Black "Zier,O"]
[Result "1/2-1/2"]
[WhiteElo "2299"]
[BlackElo "2101"]

1.e4 e6 2.d4 d5 3.Nc3 Nf6 4.e5 Nfd7 5.Nf3 c5 6.dxc5 Nc6 7.Bf4 Bxc5 8.Bd3 f6
9.exf6 Nxf6 10.Qe2 O-O 11.O-O-O Nb4 12.Ne5 Nd7 13.Qh5 Nxd3+ 14.Nxd3 Bxf2
15.Qe2 Qb6 16.Nxf2 Rxf4 17.Rhf1 Nf6  1/2-1/2

[Event "8th Parsvnath Open"]
[Site "New Delhi IND"]
[Date "2010.01.20"]
[Round "9"]
[White "Ashwin,J"]
[Black "Saravana,Kr"]
[Result "1/2-1/2"]
[WhiteElo "2434"]
[BlackElo "2323"]

1.e4 e6 2.d4 d5 3.Nc3 Nf6 4.e5 Nfd7 5.f4 c5 6.Nf3 Nc6 7.Be3 Be7 8.Qd2 a6
9.a3 b5 10.dxc5 Bxc5 11.Qf2 Qb6 12.Bxc5 Nxc5 13.b4 Nd7 14.Qxb6 Nxb6 15.Bd3 Bd7
16.Kf2 O-O 17.Ne2 f6 18.Ke3 g5 19.g3 g4 20.Nfd4 fxe5 21.Nxc6 Bxc6 22.fxe5 d4+
23.Nxd4 Bxh1 24.Rxh1 Rae8 25.h3 Nd7 26.Nc6 Rf3+ 27.Ke2 Rxg3 28.hxg4 Nf8 29.a4 Ng6
30.axb5 axb5 31.Bxb5 Rg2+ 32.Kd3 Rf8 33.Kc3 Rxg4 34.Bc4 Rf3+ 35.Bd3 Nf4 36.Ne7+ Kf8
37.Rxh7 Rgg3 38.Kc4 Nxd3 39.cxd3 Rxd3 40.Nc6 Rd5 41.Rh6 Rg1  1/2-1/2

[Event "8th Parsvnath Open"]
[Site "New Delhi IND"]
[Date "2010.01.20"]
[Round "9"]
[White "Abhishek,D"]
[Black "Jumabayev,R"]
[Result "0-1"]
[WhiteElo "2326"]
[BlackElo "2536"]

1.e4 e6 2.d4 d5 3.Nc3 Nf6 4.e5 Nfd7 5.f4 c5 6.Nf3 Nc6 7.Be3 cxd4 8.Nxd4 Qb6
9.a3 Bc5 10.Na4 Qa5+ 11.Nc3 Qb6 12.Na4 Qa5+ 13.Nc3 Nxd4 14.Bxd4 Qb6 15.Na4 Qa5+
16.Nc3 Bxd4 17.Qxd4 Qb6 18.Qxb6 Nxb6 19.Bd3 Bd7 20.Ne2 Ke7 21.Nd4 f6 22.b3 fxe5
23.fxe5 Raf8 24.Rf1 Be8 25.Kd2 Nd7 26.Rae1 Rxf1 27.Bxf1 Rf8 28.c4 dxc4 29.Bxc4 Rf2+
30.Kc3 Bf7 31.Bb5 Rxg2 32.Bxd7 Kxd7 33.Re2 Rxe2 34.Nxe2 g5 35.Nd4 Bg6 36.Kd2 Be4
37.Ke3 Bd5 38.Kf2 Ke7 39.Kg3 Kf7 40.b4 a6 41.Nc2 Kg6 42.Ne3 Be4 43.h3 Bc6
44.Kf2 h6 45.Kg3 h5 46.Kf2 h4 47.Kg1 g4 48.Nxg4 Kf5 49.Kf2 Kf4 50.Nh2 Kxe5
51.Ke3 Bg2 52.Kf2 Bxh3 53.Nf3+ Kd5 54.Ke3 Bf5 55.Nxh4 Be4 56.Kd2 Kd4 57.Ke2 b6
58.Kd2 b5 59.Ke2 Ke5 60.Kd2 Kd4 61.Ke2 Kc3 62.Ke3 Bd5 63.Ng6 Kb3 64.Kd4 Kxa3
65.Kc5 Ka4 66.Ne5 a5 67.bxa5 Kxa5 68.Nd3 Bc4  0-1

[Event "8th Parsvnath Open"]
[Site "New Delhi IND"]
[Date "2010.01.20"]
[Round "9"]
[White "Chauhan,J"]
[Black "Jaiswal,P"]
[Result "0-1"]
[WhiteElo "2097"]
[BlackElo "2259"]

1.e4 e6 2.d4 d5 3.Nc3 Nf6 4.e5 Nfd7 5.f4 c5 6.Nf3 Nc6 7.Be3 Be7 8.Qd2 O-O
9.dxc5 Bxc5 10.O-O-O Qa5 11.Bxc5 Nxc5 12.Kb1 Rb8 13.Qf2 Bd7 14.f5 exf5 15.Nxd5 Ne4
16.Qe1 Be6 17.c4 Rfd8 18.Bd3 Qxe1 19.Rhxe1 b5 20.Bxe4 fxe4 21.Ng5 bxc4 22.Nxe6 fxe6
23.Nc3 Rd3 24.Nxe4 Nxe5 25.Nc5 Rxd1+ 26.Rxd1 c3 27.b3 Rc8 28.b4 a5 29.a3 axb4
30.axb4 Nc6 31.Nxe6 Nxb4 32.Rd8+ Rxd8 33.Nxd8 g6 34.Ne6 h6 35.Nc7 Kf7 36.Nb5 c2+
37.Kc1 Kf6 38.Nd4 Nd3+ 39.Kxc2 Ne1+ 40.Kd2 Nxg2 41.Ke2 Ke5 42.Nf3+ Kf4 43.Kf2 Ne3
44.Ng1 Ng4+ 45.Kg2 h5 46.Ne2+ Ke3 47.Ng1 Ne5 48.Nh3 Nf3 49.Kg3 Nd2 50.Ng1 g5
51.Nh3 Ne4+ 52.Kg2 h4 53.Ng1 Nd2 54.Nh3 Nf3 55.Ng1 Ne5 56.Nh3 g4 57.Ng5 Nd3
58.Nh7 Nf4+ 59.Kg1 Ke4 60.Ng5+ Kf5 61.Nf7 Ke4 62.Ng5+ Ke3 63.Nh7 Ne6 64.Nf6 Kf3
65.Nd5 Nd4 66.Nf6 Ne2+ 67.Kh1 g3 68.hxg3 hxg3  0-1

[Event "ch-BUL S/F Men"]
[Site "Plovdiv BUL"]
[Date "2010.01.25"]
[Round "3"]
[White "Panajotov,J"]
[Black "Mladenov,P"]
[Result "1/2-1/2"]
[WhiteElo "2211"]
[BlackElo "2394"]

1.e4 e6 2.d4 d5 3.Nc3 Nf6 4.e5 Nfd7 5.f4 c5 6.Nf3 Nc6 7.Be3 Qb6 8.Na4 Qa5+
9.c3 cxd4 10.b4 Qc7 11.Nxd4 a6 12.Bd3 Be7 13.O-O g6 14.Qg4 b5 15.Nb2 Nb6
16.a4 Nxd4 17.Bxd4 Bd7 18.axb5 Bxb5 19.Bxb5+ axb5 20.Qe2 Qc6 21.Rxa8+ Nxa8
22.Ra1 O-O 23.Nd3 Nc7 24.Bc5 Bxc5+ 25.Nxc5 Rd8 26.Qd3 Ra8 27.Qd1 Na6 28.Qd4 Nxc5
29.Rxa8+ Qxa8 30.Qxc5 Qa1+ 31.Kf2 Qa2+  1/2-1/2

[Event "8th Gibtelecom Masters"]
[Site "Caleta ENG"]
[Date "2010.01.28"]
[Round "3"]
[White "Dworakowska,J"]
[Black "Lipecki,A"]
[Result "1-0"]
[WhiteElo "2374"]
[BlackElo "2146"]

1.e4 e6 2.d4 d5 3.Nc3 Nf6 4.e5 Nfd7 5.f4 c5 6.Nf3 Nc6 7.Be3 a6 8.Qd2 b5 9.a3 Qb6
10.Ne2 c4 11.g4 h5 12.gxh5 Rxh5 13.f5 Rxf5 14.Ng5 Be7 15.h4 Bb7 16.Bh3 Bxg5
17.hxg5 Rf3 18.Bg1 b4 19.Bg4 Rf5 20.Bxf5 exf5 21.axb4 Nxb4 22.Nf4 O-O-O 23.Qf2 Nf8
24.Rh3 Kd7 25.c3 Nc6 26.Nxd5 Qb5 27.Ne3 Na5 28.Qc2 Nb3 29.Qxf5+ Ke7 30.Rd1 Bc8
31.Qf3 Bxh3 32.Qxh3 g6 33.Qf3 Nd7 34.Nd5+ Kf8 35.Qh1 Kg8 36.Ne7+ Kf8 37.Nc6 Kg7
38.Qh6+ Kg8 39.Ne7+  1-0

[Event "8th Gibtelecom Masters"]
[Site "Caleta ENG"]
[Date "2010.01.30"]
[Round "5"]
[White "Carlsen,I"]
[Black "Lipecki,A"]
[Result "0-1"]
[WhiteElo "1508"]
[BlackElo "2146"]

1.e4 e6 2.d4 d5 3.Nc3 Nf6 4.e5 Nfd7 5.f4 c5 6.Nf3 Nc6 7.Be3 Qb6 8.Na4 Qa5+
9.c3 cxd4 10.b4 Qc7 11.Nxd4 a6 12.Nb2 Ncxe5 13.Qd2 Ng4 14.Be2 Ngf6 15.Bf3 Be7
16.O-O O-O 17.a4 Nb6 18.a5 Nc4 19.Nxc4 Qxc4 20.Be2 Ne4 21.Bxc4 Nxd2 22.Bxd2 dxc4
23.Be3 Rd8 24.Rad1 Bd7 25.Nf3 Bc6 26.Ne5 Bd5 27.Bd4 f6 28.Ng4 Rac8 29.Ne3 Be4
30.Bb6 Rd3 31.Rxd3 cxd3 32.Bd4 Rd8 33.Rb1 Bd6 34.g3 h5 35.Kf2 h4 36.Rb2 Rc8
37.Nd1 g5 38.Bxf6 hxg3+ 39.hxg3 gxf4 40.gxf4 Bxf4 41.Bd4 Bc1 42.Ra2 Bd5 43.Ra1 Rf8+
44.Ke1 d2+ 45.Ke2 Bf3+  0-1

[Event "8th Gibtelecom Masters"]
[Site "Caleta ENG"]
[Date "2010.01.30"]
[Round "5"]
[White "Arakhamia Grant,K"]
[Black "Tozer,R"]
[Result "0-1"]
[WhiteElo "2470"]
[BlackElo "2288"]

1.e4 e6 2.d4 d5 3.Nc3 Nf6 4.e5 Nfd7 5.f4 c5 6.Nf3 Nc6 7.Be3 cxd4 8.Nxd4 Bc5
9.Qd2 O-O 10.O-O-O a6 11.h4 Nxd4 12.Bxd4 b5 13.h5 b4 14.Na4 Bxd4 15.Qxd4 Qa5
16.b3 Bb7 17.Kb1 Bc6 18.Nb2 Rfc8 19.h6 g6 20.g4 Bb5 21.Bd3 Nc5 22.Qf2 Rc6
23.Rhe1 Qc7 24.Qd2 Bxd3 25.cxd3 a5 26.Rc1 Rc8 27.Qe2 Qb6 28.Rc2 a4 29.bxa4 b3
30.axb3 Nxb3 31.Rxc6 Rxc6 32.Qe3 d4 33.Qf2 Qb4 34.Rd1 Qa3  0-1

[Event "8th Gibtelecom Masters"]
[Site "Caleta ENG"]
[Date "2010.01.30"]
[Round "5"]
[White "Skage,O"]
[Black "Cori T.,D"]
[Result "0-1"]
[WhiteElo "1935"]
[BlackElo "2412"]

1.e4 e6 2.d4 d5 3.Nc3 Nf6 4.e5 Nfd7 5.f4 c5 6.Nf3 Nc6 7.Be3 a6 8.Qd2 b5 9.a3 g5
10.fxg5 cxd4 11.Nxd4 Ncxe5 12.Be2 Bg7 13.Bh5 O-O 14.O-O Nc4 15.Qf2 Nde5 16.Nf3 d4
17.Nxe5 Bxe5 18.Bxf7+ Kh8 19.Qf3 Nxe3 20.Qh5 Nf5 21.Ne4 Ra7 22.Rxf5 exf5
23.g6 Raxf7 24.Ng5 Rg7 25.Nxh7 Kg8 26.Rf1 d3 27.cxd3 Qxd3 28.Rd1 Qe3+ 29.Kh1 Re8
30.Ng5 Bf6  0-1

[Event "ch-UKR g18"]
[Site "Kyiv UKR"]
[Date "2010.01.30"]
[Round "6"]
[White "Tantsiura,M"]
[Black "Bulakh,O"]
[Result "0-1"]
[WhiteElo "1998"]
[BlackElo "2029"]

1.e4 e6 2.d4 d5 3.Nc3 Nf6 4.e5 Nfd7 5.f4 c5 6.Nf3 Nc6 7.Be3 a6 8.Qd2 b5 9.dxc5 Bxc5
10.Bxc5 Nxc5 11.Qf2 Qb6 12.b4 Nd7 13.a4 Nxb4 14.axb5 Qc7 15.Qd2 O-O 16.Nd4 Qc5
17.Nce2 Qc4 18.Kd1 Na2 19.c3 Bb7 20.Rxa2 axb5 21.Rxa8 Rxa8 22.Nc1 Qa4+ 23.Qc2 Qa1
24.Nb3 Qa4 25.Nd3 Rc8 26.Kd2 Qe4 27.Kd1 Nb6 28.Ndc5 Qxf4 29.Nxb7 d4 30.Qd2 Qe4
31.Nd6 Qb1+ 32.Qc1 Qxb3+ 33.Qc2 Qxc2+ 34.Kxc2 Rxc3+ 35.Kd2 b4 36.Bd3 Rc5
37.Rb1 Nd5 38.Ra1 g6 39.Ra7 Nf4 40.Nxf7 Nxg2 41.Nh6+ Kf8 42.Bc2 Nh4 43.Rf7+ Ke8
44.Ba4+ Kd8 45.Rf6 Ra5 46.Bb3 Ra3 47.Bxe6 Nf3+ 48.Kc2 d3+ 49.Kb2 d2 50.Kc2 Rc3+  0-1

[Event "ch-ROU w"]
[Site "Baile Olanesti ROU"]
[Date "2010.01.31"]
[Round "1"]
[White "Bulmaga,I"]
[Black "Anton,R"]
[Result "1-0"]
[WhiteElo "2239"]
[BlackElo "1774"]

1.e4 e6 2.d4 d5 3.Nc3 Nf6 4.e5 Nfd7 5.f4 c5 6.Nf3 Nc6 7.Be3 a6 8.Qd2 b5 9.Be2 Be7
10.O-O O-O 11.Nd1 Rb8 12.c3 Qb6 13.Kh1 b4 14.dxc5 bxc3 15.Qxc3 Qb4 16.Rc1 Bb7
17.Qxb4 Nxb4 18.a3 Nc6 19.Nd4 a5 20.Bb5 Rfc8 21.b4 axb4 22.axb4 Ba8 23.Nc3 Nxd4
24.Bxd4 Rc7 25.Bxd7 Rxb4 26.c6  1-0

[Event "8th Gibtelecom Masters"]
[Site "Caleta ENG"]
[Date "2010.01.31"]
[Round "6"]
[White "Cheparinov,I"]
[Black "Battaglini,G"]
[Result "1-0"]
[WhiteElo "2660"]
[BlackElo "2411"]

1.e4 e6 2.d4 d5 3.Nc3 Nf6 4.e5 Nfd7 5.f4 c5 6.Nf3 Nc6 7.Be3 Qb6 8.Na4 Qa5+
9.c3 cxd4 10.b4 Nxb4 11.cxb4 Bxb4+ 12.Bd2 Bxd2+ 13.Nxd2 b5 14.Nb2 O-O 15.Nd3 Nb6
16.Kf2 Nc4 17.Nf3 f6 18.g3 Bd7 19.exf6 gxf6 20.Nc5 Ne3 21.Qe1 Qc7 22.Nxd7 Qxd7
23.Bh3  1-0

[Event "8th Gibtelecom Masters"]
[Site "Caleta ENG"]
[Date "2010.01.31"]
[Round "6"]
[White "Videnova,I"]
[Black "Osuna Vega,E"]
[Result "0-1"]
[WhiteElo "2301"]
[BlackElo "2136"]

1.e4 e6 2.d4 d5 3.Nc3 Nf6 4.e5 Nfd7 5.f4 c5 6.Nf3 Nc6 7.Be3 a6 8.Qd2 b5 9.a3 Qb6
10.dxc5 Bxc5 11.Bxc5 Qxc5 12.b4 Qe7 13.g3 O-O 14.Nd4 Bb7 15.Qe3 Rac8 16.Rb1 Nxd4
17.Qxd4 Rxc3 18.Qxc3 d4 19.Qxd4 Bxh1 20.c4 bxc4 21.Bxc4 Nb8 22.Rd1 h6 23.h4 Qb7
24.Rd2 Bf3 25.Kf2 Bg4 26.Kg1 Nc6 27.Qe3 Ne7 28.Kh2 Nf5 29.Qd3 Ra8 30.Qf1 h5
31.Qf2 Rc8 32.Bf1 Qc6 33.Bd3 Qc1 34.a4 Bf3 35.Bf1 Bd5 36.Re2 Nh6 37.Kg1 Rc3
38.Qe1 Qa3 39.Kh2 Rc1  0-1

[Event "2nd Chennai Open"]
[Site "Chennai IND"]
[Date "2010.01.31"]
[Round "8"]
[White "Konguvel,P"]
[Black "Jaiswal,P"]
[Result "1-0"]
[WhiteElo "2420"]
[BlackElo "2259"]

1.e4 e6 2.d4 d5 3.Nc3 Nf6 4.e5 Nfd7 5.f4 c5 6.Nf3 Nc6 7.Be3 Be7 8.Qd2 O-O
9.Be2 a6 10.O-O b5 11.a3 Qb6 12.Nd1 Bb7 13.Nf2 cxd4 14.Nxd4 Nxd4 15.Bxd4 Bc5
16.Rad1 Bxd4 17.Qxd4 Qxd4 18.Rxd4 f6 19.exf6 gxf6 20.Bf3 Rac8 21.c3 Rc4 22.Re1 Rxd4
23.cxd4 Kf7 24.Nd3 Rc8 25.Bh5+ Ke7 26.Bg4 Rc6 27.f5 e5 28.dxe5 Nxe5 29.Nxe5 fxe5
30.Rxe5+ Kf6 31.Re6+ Kg5 32.Rxc6 Bxc6 33.Bh3 a5 34.Kf2 d4 35.b4 axb4 36.axb4 h5
37.Ke2 Be4 38.Kd2 Bxf5 39.Bxf5 Kxf5 40.Kd3 Ke5 41.g3 Kd5 42.h3 Ke5 43.g4 h4
44.g5 Kf5 45.Kxd4 Kg6 46.Ke4 Kxg5 47.Ke5 Kg6 48.Kf4 Kf6 49.Kg4  1-0

[Event "2nd Chennai Open"]
[Site "Chennai IND"]
[Date "2010.01.31"]
[Round "8"]
[White "Manik,M"]
[Black "Kamble,V"]
[Result "1/2-1/2"]
[WhiteElo "2435"]
[BlackElo "2364"]

1.e4 e6 2.d4 d5 3.Nc3 Nf6 4.e5 Nfd7 5.f4 c5 6.Nf3 a6 7.Be3 Qb6 8.Na4 Qc6
9.Nxc5 Nxc5 10.dxc5 Bxc5 11.Qd2 Qb6 12.Bxc5 Qxc5 13.Bd3 Nc6 14.c3 a5 15.O-O-O b5
16.Kb1 b4 17.c4 d4 18.Be4 Bb7 19.Nxd4 Nxd4 20.Qxd4 Bxe4+ 21.Qxe4 Rc8 22.Rd4 O-O
23.Rhd1 a4 24.R1d3 g6 25.g4 Rfe8 26.Qe1 b3 27.a3 Qc6 28.Qe4 Qc5 29.Kc1 Qa5
30.Kd1 Rc5 31.Ke2 Qc7 32.Kf3 Rc8 33.Rd7 Qa5 34.R3d4 Kg7 35.Qb7 R5c7 36.Rxc7 Rxc7
37.Qb8 Qc5 38.Rd8 Qe7 39.g5 Qxd8 40.Qxd8 Rxc4 41.h4 Rc2 42.Qd4 h5 43.Ke4 Rh2
44.Qxa4 Rxb2 45.Kd3 Rh2 46.Qxb3 Rxh4 47.Qa2 Rxf4 48.a4 h4 49.Ke3 Rg4 50.a5 h3
51.a6 Rh4 52.a7 h2 53.a8=Q h1=Q 54.Qxh1 Rxh1 55.Qd2 Rh4 56.Qd8 Rg4 57.Kf3 Rh4
58.Qa8 Rd4 59.Ke3 Rg4 60.Qf3 Rh4 61.Kd3 Ra4 62.Qd1 Rh4 63.Qf1 Rg4 64.Kc3 Rh4
65.Qd1 Rf4 66.Kb3 Rh4 67.Qf3 Rd4 68.Ka3 Rh4 69.Qf6+ Kg8 70.Qd8+ Kg7 71.Kb3 Rg4
72.Kc3 Rh4 73.Qd2  1/2-1/2

[Event "2nd Chennai Open"]
[Site "Chennai IND"]
[Date "2010.02.01"]
[Round "9"]
[White "Anwesh,U"]
[Black "Jumabayev,R"]
[Result "0-1"]
[WhiteElo "2400"]
[BlackElo "2536"]

1.e4 e6 2.d4 d5 3.Nc3 Nf6 4.e5 Nfd7 5.f4 c5 6.Nf3 Nc6 7.Be3 a6 8.Qd2 b5 9.Ne2 Qc7
10.g3 Nb6 11.b3 c4 12.Bh3 Bb4 13.c3 Be7 14.O-O a5 15.f5 exf5 16.Bg5 Be6 17.Nh4 g6
18.Bf6 Bxf6 19.exf6 Nd7 20.Qh6 O-O-O 21.a4 b4 22.Rfe1 Qd6 23.Rad1 Nxf6 24.Qc1 Ne4
25.Nf3 Rhe8 26.Nd2 Nxc3 27.Nxc3 bxc3 28.Nb1 Bd7 29.Rxe8 Rxe8 30.Nxc3 Nb4
31.Bg2 Kd8 32.bxc4 dxc4 33.Bf1 Nd3 34.Bxd3 Qxd4+ 35.Kf1 cxd3 36.Qd2 f4 37.Qxd3 Bh3+  0-1

[Event "8th Gibtelecom Masters"]
[Site "Caleta ENG"]
[Date "2010.02.02"]
[Round "8"]
[White "Flermoen,P"]
[Black "Webster,R"]
[Result "1-0"]
[WhiteElo "2108"]
[BlackElo "1961"]

1.e4 e6 2.d4 d5 3.Nc3 Nf6 4.e5 Nfd7 5.f4 c5 6.Nf3 Nc6 7.Be3 a6 8.dxc5 Bxc5
9.Qd2 b5 10.O-O-O Qb6 11.Bxc5 Nxc5 12.Bd3 b4 13.Ne2 Nxd3+ 14.Qxd3 a5 15.Ned4 Ba6
16.Qd2 Rc8 17.f5 Nxd4 18.Nxd4 a4 19.Kb1 g6 20.g4 Rc7 21.Qh6 Rc4 22.Qd2 Rc7
23.h4 Kd7 24.h5 gxf5 25.gxf5 Kc8 26.Rhg1 Kb8 27.f6 Bc4 28.Rg3 Ka8 29.Rdg1 Rb8
30.b3 Ba6 31.Rg8 Rcc8 32.Rxc8 Rxc8 33.Rg7 a3 34.Rxf7 Rc3 35.Rf8+ Bc8 36.f7 Qa6
37.Qd1 Qa7 38.Nb5 Qe7 39.Rh8  1-0

[Event "2nd Chennai Open"]
[Site "Chennai IND"]
[Date "2010.02.03"]
[Round "11"]
[White "Kiran,M"]
[Black "Shyam,SM"]
[Result "0-1"]
[WhiteElo "2234"]
[BlackElo "2377"]

1.e4 e6 2.d4 d5 3.Nc3 Nf6 4.e5 Nfd7 5.f4 c5 6.Nf3 Nc6 7.Be3 Be7 8.Qd2 O-O
9.Be2 a6 10.O-O b5 11.a3 Qc7 12.Nd1 f6 13.exf6 Nxf6 14.Nf2 Ne4 15.Qd3 cxd4
16.Nxd4 Nxd4 17.Bxd4 Rxf4 18.Ng4 Bd6 19.Qh3 Bd7 20.Nh6+ gxh6 21.Qxh6 Rxf1+
22.Rxf1 Be5 23.c3 Bxd4+ 24.cxd4 Qd8 25.Rf4 Qe7  0-1

[Event "15th HIT Open B"]
[Site "Nova Gorica SLO"]
[Date "2010.02.03"]
[Round "6"]
[White "Kolaric,S"]
[Black "Skok,J"]
[Result "1/2-1/2"]
[WhiteElo "1981"]
[BlackElo "2018"]

1.e4 e6 2.d4 d5 3.Nc3 Nf6 4.e5 Nfd7 5.f4 c5 6.Nf3 Nc6 7.Be3 Qb6 8.Na4 Qa5+
9.c3 c4 10.Be2 b5 11.Nc5 Nxc5 12.dxc5 b4 13.Qd2 Bxc5 14.Bxc5 Qxc5 15.Rd1 a5
16.f5 Ne7 17.fxe6 Bxe6 18.Nd4 O-O 19.Rf1 Rab8 20.h4 Nc6 21.Nxc6 Qxc6 22.h5 h6
23.g4 Qb6 24.g5 bxc3 25.bxc3 Qb2 26.gxh6 Qxd2+ 27.Rxd2 Rb1+ 28.Kf2 Rxf1+
29.Bxf1 gxh6 30.Ke3 Rb8 31.Kd4 a4 32.a3 Rb5 33.Be2 Kf8 34.Bd1 Rb1 35.Bxa4 Ra1
36.Bd1 Rxa3 37.Bf3 Ra5 38.Rb2 Kg7 39.Rg2+ Kf8 40.Rb2 Kg7 41.Rg2+ Kf8  1/2-1/2

[Event "Georgi Tringov Mem"]
[Site "Plovdiv BUL"]
[Date "2010.02.03"]
[Round "5"]
[White "Panajotov,J"]
[Black "Antic,De"]
[Result "0-1"]
[WhiteElo "2219"]
[BlackElo "2503"]

1.e4 e6 2.d4 d5 3.Nc3 Nf6 4.e5 Nfd7 5.Nf3 c5 6.dxc5 Nc6 7.Bf4 Bxc5 8.Bd3 f6
9.exf6 Nxf6 10.O-O O-O 11.Qe2 Qe8 12.Nb5 Qe7 13.c3 Ne4 14.Be3 Bxe3 15.Qxe3 Nc5
16.Bc2 e5 17.b4 Ne4 18.Bxe4 dxe4 19.Qxe4 Bf5 20.Qe3 a6 21.Na3 Rad8 22.Rfd1 Qe6
23.Qc5 Bd3 24.Rd2 e4 25.Re1 Qf6 26.Ng5 Ne5 27.f4 Qxf4  0-1

[Event "ch-ROU w"]
[Site "Baile Olanesti ROU"]
[Date "2010.02.04"]
[Round "6"]
[White "Paulet,I"]
[Black "Cosma,E"]
[Result "1/2-1/2"]
[WhiteElo "2314"]
[BlackElo "2332"]

1.e4 e6 2.d4 d5 3.Nc3 Nf6 4.e5 Nfd7 5.f4 c5 6.Nf3 Nc6 7.Be3 a6 8.Qd2 b5 9.a3 Qb6
10.Ne2 Bb7 11.dxc5 Bxc5 12.Ned4 Nxd4 13.Nxd4 Qc7 14.Bd3 Be7 15.O-O g6 16.Qf2 Nc5
17.b4 Ne4 18.Qf3 h5 19.Qh3 Bc8 20.Nb3 Bd7 21.Bxe4 dxe4 22.Bc5 Bc6 23.Qe3 Bd5
24.Bxe7 Qxe7 25.Nc5 O-O 26.Rad1 Rfd8 27.Rd4 a5 28.Rfd1 axb4 29.axb4 Rdc8
30.Qe2 Ra2 31.f5 gxf5 32.Qxh5 Rxc2 33.Nd7 Qxd7 34.Qg5+ Kf8 35.Qh6+ Kg8  1/2-1/2

[Event "ch-ROU w"]
[Site "Baile Olanesti ROU"]
[Date "2010.02.05"]
[Round "7"]
[White "Bulmaga,I"]
[Black "Paulet,I"]
[Result "1/2-1/2"]
[WhiteElo "2239"]
[BlackElo "2314"]

1.e4 e6 2.d4 d5 3.Nc3 Nf6 4.e5 Nfd7 5.f4 c5 6.Nf3 Nc6 7.Be3 a6 8.Qd2 b5 9.Be2 b4
10.Na4 c4 11.b3 c3 12.Qd1 Be7 13.O-O g6 14.Bd3 Qc7 15.Qe2 Nb6 16.Nxb6 Qxb6
17.Qf2 a5 18.g4 h5 19.h3 hxg4 20.hxg4 Ba6 21.Bxa6 Qxa6 22.Kg2 Kd7 23.Rh1 a4
24.Rxh8 Rxh8 25.Rh1 axb3 26.axb3 Rxh1 27.Kxh1 Qa1+ 28.Qe1 Qb2 29.Qe2 Bd8
30.g5 Bb6 31.Qd1 Kc7 32.Ne1 Qa2 33.Kg1 Qa8 34.Bf2 Qa7 35.Nf3 Ne7 36.Nh4 Nc6
37.Nf3 Qa8 38.Kg2 Qa2 39.Kg3 Kb7 40.Be3 Qa7 41.Bf2 Qa8 42.Be3 Qa2 43.Kh3 Ne7
44.Nh4 Qa8 45.Kg3 Qh8 46.Bf2 Nc6 47.Be3 Na7 48.Bf2 Nb5 49.Nf3 Na3 50.Kg2 Qh5
51.Kg3 Ka7 52.Qa1  1/2-1/2

[Event "TCh-NED 2009-10"]
[Site "Netherlands NED"]
[Date "2010.02.06"]
[Round "6"]
[White "Hoolt,S"]
[Black "Vedder,H"]
[Result "1/2-1/2"]
[WhiteElo "2225"]
[BlackElo "2364"]

1.e4 e6 2.d4 d5 3.Nc3 Nf6 4.e5 Nfd7 5.f4 c5 6.Nf3 Nc6 7.Be3 a6 8.Qd2 b5 9.a3 Qb6
10.Rd1 b4 11.Na4 Qa5 12.Nxc5 Nxc5 13.dxc5 Bxc5 14.Bxc5 Qxc5 15.axb4 Nxb4
16.c3 Nc6 17.b4 Qb6 18.Bd3 Rb8 19.Qf2 O-O 20.O-O f6 21.Qxb6 Rxb6 22.Be2 g5
23.g3 g4 24.Nh4 fxe5 25.Bxg4 exf4 26.Rxf4 Rxf4 27.gxf4 a5 28.bxa5 Nxa5 29.Ra1 Rb5
30.Nf3 h5 31.Nd4 Rc5 32.Bxh5 Kg7 33.Kf2 Kf6 34.Bg4 Nc4 35.Bxe6 Nd6 36.Bxc8 Ne4+
37.Ke1 Rxc8 38.Ra6+ Kf7 39.Rc6 Rxc6 40.Nxc6 Nxc3 41.Nd4 Kg6 42.Kf2 Kh5 43.h3 Ne4+
44.Kg2 Nd6 45.Ne2 Kh4 46.Ng1 Nf5 47.Kf2 Ng7 48.Kg2 Nf5 49.Nf3+ Kh5 50.Kf2 Kg6
51.Ke2 Kf6 52.Kd3 Kg6 53.Ne1 Nh4 54.Ke3 Kf5 55.Nd3 d4+ 56.Kxd4  1/2-1/2